000 01053nam0a2200337 4500
001 RU\NLR\bibl\354507
005 20250621154736.0
010 _a5-227-01707-7
_912000
021 _aRU
_b2002-51524
_92493
035 _a(NLR Aleph) 000349185
090 _a265102
_c265102
100 _a20021219d2002 |||y0rusy50 ca
101 1 _arus
_ceng
102 _aRU
105 _ay |||||||||
200 1 _aСказочный остров
_eРоман
_fКэтрин Бритт
_g[Пер. с англ. А.А. Никоненко]
210 _aМ.
_cЦентрполиграф
_d2002
215 _a205, [1] с.
_d17
225 1 _aЦветы любви
610 0 _aЛюбовь (х. л.)
675 _a821.111-31Бритт
_v3
_zrus
686 _a17.82
_2rugasnti
686 _a84(4Вел)-44
_2rubbk
686 _aШ6(4Вл)67-440.4{Лх1299-50}
700 1 _aБритт
_bК.
_gКэтрин
_4070
801 0 _aRU
_bRKP
_c20021219
_gPSBO
801 1 _aRU
_bRKP
_c20021219
801 2 _aRU
_bNLR
_c20030127
_grcr
942 _cBOOK
980 _aNB